LIBRARY & INFORMATION CENTRE, KCAET, TAVANUR

ONLINE PUBLIC ACCESS CATALOGUE (OPAC)

Food Chemistry / (Record no. 9177)

MARC details
000 -LEADER
fixed length control field 00329cam a2200133ua 4500
020 ## - INTERNATIONAL STANDARD BOOK NUMBER
ISBN 8123911491
082 ## - DEWEY DECIMAL CLASSIFICATION NUMBER
Classification number 664.002
Item number LIL/FO
100 ## - MAIN ENTRY--AUTHOR NAME
Personal name Lillian, Hoagland Mayer .
245 ## - TITLE STATEMENT
Title Food Chemistry /
250 ## - EDITION STATEMENT
Edition statement 1 /
260 ## - PUBLICATION, DISTRIBUTION, ETC. (IMPRINT)
Place of publication New Delhi :
Name of publisher C B S Publishers & Distributers ,
Year of publication 2004
300 ## - PHYSICAL DESCRIPTION
Number of Pages 385 ; .
942 ## - ADDED ENTRY ELEMENTS (KOHA)
Koha item type Books
Holdings
Withdrawn status Lost status Damaged status Home library Current library Date acquired Full call number Accession Number Koha item type Collection code Shelving location Source of acquisition Cost, normal purchase price
      KAUAET KAUAET 07/04/2012 664.002 19522 Books        
      KAUAET KAUAET 22/06/2016 664.002 LIL/FO 24652 Books   General Stacks Aman Book Stall Calicut 225.00
free website counter